Most Streamed Spotify Artists by Genre - Statistics

General Stats
  • This quiz has been taken 935 times
  • The average score is 12 of 45
Answer Stats
Genre Streams Artist % Correct
Hip Hop 45.7 B Drake
83%
K-Pop 24.7 B BTS
73%
Hip Hop 27.7 B Eminem
64%
Metal 7.9 B Metallica
59%
Hip Hop 33.6 B Bad Bunny
58%
Latin Music 33.6 B Bad Bunny
58%
Classical 1.5 B Wolfgang Amadeus Mozart
53%
Classical 1.1 B Ludwig van Beethoven
52%
K-Pop 6.2 B BLACKPINK
51%
Hip Hop 22.7 B Kanye West
51%
Country 27.7 B Taylor Swift
49%
Rock 12.8 B The Beatles
44%
Rock 15.2 B Queen
39%
Classical 1.3 B Johann Sebastian Bach
34%
Punk 6.8 B Green Day
33%
Electronic 17.1 B David Guetta
29%
Rock 11.9 B Linkin Park
27%
Metal 11.9 B Linkin Park
27%
Hip Hop 27.4 B Post Malone
27%
Latin Music 24.0 B J Balvin
26%
Country 4.1 B Morgan Wallen
25%
Electronic 16.4 B Calvin Harris
23%
Latin Music 16.3 B Daddy Yankee
23%
Rock 20.0 B Coldplay
19%
K-Pop 4.3 B TWICE
18%
Classical 1.6 B Frederic Chopin
17%
Rock 19.5 B Imagine Dragons
17%
Punk 5.2 B blink-182
15%
Country 5.1 B Luke Combs
15%
Metal 4.6 B Slipknot
15%
Electronic 12.0 B Marshmello
14%
Country 4.3 B Luke Bryan
13%
K-Pop 2.4 B Stray Kids
12%
Metal 4.9 B System of a Down
12%
Punk 7.9 B Fall Out Boy
11%
Electronic 14.5 B The Chainsmokers
10%
K-Pop 2.7 B EXO
8%
Latin Music 19.7 B Ozuna
8%
Punk 4.6 B Paramore
7%
Punk 6.3 B Machine Gun Kelly
6%
Classical 1.0 B Claude Debussy
5%
Electronic 11.8 B Kygo
5%
Country 4.3 B Florida Georgia Line
3%
Latin Music 13.0 B Anuel AA
2%
Metal 4.2 B Five Finger Death Punch
1%
No matching quizzes found
Score Distribution
Percent of People with Each Score
Percentile by Number Answered
Your Score History
You have not taken this quiz